| 000 | 00704nam a22001337a 4500 | ||
|---|---|---|---|
| 040 | _cRUA | ||
| 082 | _aRUB KIM 2015 B528 Or. | ||
| 100 | _aKIM SOKLY; គីម សុខលី | ||
| 245 | _aComparative growth and yield rubber clone swift resource (Cambodia) limited; ប្រៀបធៀបការលូតលាស់ និងទន្និផលទឹកជ័រកៅស៊ូលើ៤ក្លូន (GT1, KV4, RRIM 600, RRIC 110) ២០១៥ នៅក្រុមហ៊ុនកៅស៊ូ ស្វីហ្វរីសសស៍ (ខេមបូឌា) លីមីធីត | ||
| 260 |
_aPhnom Penh _bRUA _c2015 |
||
| 300 |
_axi; 47p. _bill. _c29cm. |
||
| 856 | _u KIM SOKLY | ||
| 942 | _cRUB | ||
| 999 |
_c10789 _d10789 |
||